[Event "Chess Classic"]
[Site "London"]
[Date "2017.12.11"]
[Round "9.2"]
[White "Aronian, Levon"]
[Black "Carlsen, Magnus"]
[Result "0-1"]
[WhiteElo "2805"]
[BlackElo "2837"]
[EventDate "2017.??.??"]
[Annotator "Bojkov,Dejan"]
[PlyCount "106"]
[Beauty "6807254735375"]
[EventType "team-tourn"]
[EventCountry "CAN"]

1.d4 e6 2.Nf3 c5 3.g3 cxd4 4.Nxd4 Qb6 {Another creative idea of the "coffee-house" Bent-the-Great (Larsen). It was used by Nigel Short quite regularly too.} ( {Most of the games see either} 4...Nf6 {which may transpose into the Sicilian Taimanov/Scheveningen after} 5.Bg2 a6 6.O-O Qc7 7.e4 d6 8.Nc3 Be7 9.h3 Nc6 {Sjugirov,S (2650)-Alekseev,E (2622) Sochi 2017} ) ( {or} 4...d5 5.Bg2 Nf6 6.O-O e5 7.Nb3 Nc6 8.Bg5 Be6 {with a reversed Gruenfeld type of position, Andreikin,D (2743)-Dubov,D (2666) ICC INT 2016} ) 5.Bg2 Bc5 {The point. Black wants to force a concession.} 6.e3 d5 ( {Short played instead} 6...Nc6 {and after} 7.O-O Nf6 8.c4 {took the central pawn} 8...Nxd4 9.exd4 Bxd4 10.Nc3 Be5 11.Nb5 {but then had to deal with White's strong initiative, Bates,R (2377)-Short,N (2697) Bunratty 2013} ) 7.Qg4 {In return White wants to exploit the absence of the kingside bishop.} 7...Bf8 8.O-O Nf6 9.Qe2 e5 $146 {A logical novelty.} ( {A predecessor saw} 9...Bd7 10.b3 Nc6 11.Bb2 Nxd4 12.Bxd4 Bc5 13.Rd1 {Salo,H (2267)-Lehtinen,H (2408) Finland 2013} ) 10.Qb5+ $1 {An important move. White needs to get into an endgame where the center does not count for that much.} ( {The immediate retreat} 10.Nb3 {would allow Black strong center which cannot be easily attacked.} 10...Nc6 11.Nc3 Bg4 12.f3 Be6 {You noticed that one of the reasons why the center is so stable is that White is deprived of the usual maneuver Bc1-g5.} ) 10...Bd7 11.Qxb6 axb6 12.Nb3 Nc6 13.Bd2 {Cautiously developing as otherwise the c2 pawn may suffer.} ( 13.Nc3 $6 Nb4 ) 13...Bd6 {This seems like and inaccuracy. The center will not be as stable as Black wishes now.} ( {Here} 13...Nb4 {will be met with} 14.Bxb4 Bxb4 15.a3 Be7 16.Nc3 Be6 {when White will attack the center with either} 17.Rad1 ( {Or} 17.f4 ) ) ( {But more accurate was to give the d5 pawn some extra protection} 13...Be6 14.Nc3 O-O-O {with approximate equality.} ) 14.Nc3 Ne7 {All seems fine, but...} 15.a4 $1 {This comes in time with the strong positional threat of Nc3-b5.} 15...O-O ( {The counter-attack would not save the day:} 15...Rc8 16.Nb5 Bxb5 17.axb5 Rxc2 18.Bc3 O-O 19.Bf3 {and the black rook is trapped.} ) 16.Nb5 Bxb5 {Alas, forced.} ( 16...Bb8 {would be strongly met with} 17.Bb4 Re8 18.Bxe7 Rxe7 19.c4 $1 dxc4 20.Nd2 {and the knights dominate.} ) 17.axb5 Rac8 18.Bc3 {As a result Carlsen ended up in a passive position.} 18...h5 {I am not sure if this is good policy.} 19.Rfd1 Rfd8 20.Nd2 ( {It made sense to insert} 20.Ra7 Rc7 {first and then} ( 20...Rb8 21.Nc1 $5 ) 21.Nd2 ) 20...h4 21.Nf3 ( 21.Ra7 $5 {was once again good, with advantage for White after} 21...hxg3 22.hxg3 Rc7 ( 22...Rb8 23.Nf3 e4 24.Nd4 ) 23.Nf3 e4 24.Nd4 Be5 ) 21...hxg3 22.hxg3 e4 ( 22...Ng6 $5 {to keep the center as it is made sense.} ) 23.Ng5 {An ineresting decision by Aronian.} ( {There was nothing wrong with the obvious} 23.Nd4 Ra8 ( {Or} 23...Ng6 24.Nf5 Bf8 25.Ra7 {with large advantage for White.} ) 24.Bh3 {Next White will play Nd4-f5 and put pressure on the black pawns. This will be extremely pleasant to play for the first player.} ) 23...Ng6 24.Ra7 Rb8 ( {Or} 24...Rc7 25.Rd2 {followed by the same maneuver.} ) 25.Bd4 {The white pieces are completely dominating. Carlsen came very close to ending up on a negative score.} 25...Bc5 ( {The passive} 25...Bc7 26.Bf1 {followed by c2-c4 and attack against f7 will leave Black no chances.} ) 26.Bxc5 ( {The alternative} 26.c4 dxc4 27.Nxe4 Nxe4 28.Bxe4 Bxd4 29.Rxd4 Rxd4 30.exd4 {was also very pleasant for White.} ) 26...bxc5 27.c4 Ne7 ( {Not} 27...dxc4 28.Rxd8+ Rxd8 29.Rxb7 ) 28.cxd5 Nc8 $1 {A very strong defensive idea. At the price of a pawn the world champion builds a solid foundation for a fortress.} ( 28...Nexd5 29.Nxe4 {would be lost for Black.} ) 29.Ra4 $1 ( 29.Raa1 Nd6 30.Rac1 b6 {looks rock-solid.} ) 29...Nb6 ( 29...Nd6 $2 30.Bxe4 ) 30.Ra3 ( {In case of} 30.Raa1 {Black can defend like this:} 30...Re8 31.d6 Re5 32.Nh3 Rd8 {slowly surrounding the d6 pawn.} 33.Ra7 Rd7 34.Nf4 g5 35.Ne2 Ne8 ) 30...Nc4 ( {Black could have used the idea from above here too} 30...Re8 31.d6 Re5 32.Nh3 Rd8 ) 31.Rc3 Nd6 $1 {Sacrificing another pawn but making sure that the knights are optimally placed.} ( {Worse was} 31...Nxb2 32.Rd2 Na4 $2 ( 32...Nxd5 33.Rxc5 Nd3 34.Rc4 f5 35.g4 {is also promising for White.} ) 33.Rc4 Nb6 34.Rxc5 {when White's winning chances are huge.} ) 32.Rxc5 Ra8 33.Bh3 {True to himself, Aronian looks for initiative even in the endgame.} ( {The immediate} 33.b6 {would be met with} 33...Ra6 ) ( {But} 33.Bf1 $5 {followed by b5-b6 seems like a good way to play for a win.} ) 33...Re8 34.Rc7 Kf8 ( {Avoids the trap:} 34...Re5 35.Nxf7 Nxf7 36.Be6 Rxe6 37.dxe6 Ne5 38.Rxb7 {when White wins.} ) 35.b6 $2 {Did Aronian forget about the knight?} ( 35.Bf1 {to free the h3 square was needed.} ) 35...Re5 36.Ne6+ {Frustration.} ( {Better was} 36.Nxf7 Nxf7 37.Rxb7 Rxd5 38.Rxd5 Nxd5 39.Be6 Nd8 40.Bxd5 Nxb7 41.Bxb7 Rb8 42.Bxe4 Rxb6 {with a draw.} ) 36...fxe6 37.dxe6 ( {Or} 37.Bxe6 Ra5 ) 37...Nfe8 38.Rd7 Raa5 39.b4 $2 {Another blunder in the time-trouble.} ( {It was not too late to get to the drawish path with} 39.R1xd6 Nxd6 40.Rxd6 Rad5 41.Rxd5 Rxd5 42.e7+ Kxe7 43.Bc8 ) 39...Rad5 40.Ra1 Rb5 {Carlsen kept the extra piece. Now he consolidates and slowly wipes ou the white pawns.} 41.Ra8 Rxb6 42.Bg4 Rd5 43.Kg2 Rxb4 44.Ra1 Rbb5 45.Be2 {Unfortunately for Aronian this bishop cannot help the rooks and the e-pawn.} 45...Rb2 46.Bg4 Rdd2 {It is basically over.} 47.Kh3 Rxf2 48.Kh4 Rh2+ 49.Bh3 ( 49.Kg5 Rb5+ 50.Kg6 Rh6# ) 49...g5+ 50.Kh5 ( 50.Kg4 Nf6+ ) 50...Rxh3+ 51.Kg6 Rf2 52.e7+ Kg8 53.Rxd6 Rh7 0-1

[Event "Tata Steel Masters"]
[Site "?"]
[Date "2018.01.19"]
[Round "6.4"]
[White "Wei, Yi"]
[Black "So, Wesley"]
[Result "0-1"]
[WhiteElo "2743"]
[BlackElo "2792"]
[EventDate "2018.??.??"]
[Annotator "Bojkov,Dejan"]
[PlyCount "82"]
[Beauty "7561063441466"]
[EventType "team-tourn"]

1.Nf3 d5 2.e3 Nf6 3.c4 e6 4.Nc3 dxc4 ( {A recent game which might have inspired Wei saw:} 4...a6 5.b3 Bd6 6.Bb2 O-O 7.g4 {Nepomniachtchi,I (2729) -Anand,V (2782) London 2017} ) 5.Bxc4 a6 6.b3 c5 7.Bb2 Nc6 8.Qc2 $146 {Wei's plan does not include castling.} ( {A novelty in comparison to the toothless:} 8.O-O Be7 9.d4 cxd4 10.Nxd4 Nxd4 11.exd4 b5 12.Bd3 Bb7 {when Black was somewhat better already, Scherer,F (2155)-Wiley,T (2292) Neustadt an der Weinstrasse 2012} ) 8...Be7 ( 8...b5 $5 9.Be2 Bb7 {looks more active.} ) 9.a3 b6 10.g4 $1 {"I forgot about this stuff. I thought that it is not dangerous since I did not castle. Actually, it it surprisingly strong as he gets a bind after g4-g5 followed by Nc3-e4." (So)} 10...h6 ( 10...Nxg4 $2 {drops a knight after} 11.Qe4 ) ( {Castling into it is definitely not a good idea-} 10...O-O $2 11.g5 Nd5 12.Ne4 {folllowed by Rh1-g1 and slamming a knight on f6 after no matter what Black does.} ) 11.Rg1 b5 ( {It made sense to keep the bishop on c4 for future tempo-gainers:} 11...Bb7 12.g5 hxg5 13.Nxg5 Ne5 $5 ) 12.Be2 Bb7 13.g5 hxg5 14.Nxg5 Rh6 {So clears the long diagonal and overprotects the f6 square.} ( {As already mentioned earlier, castling is suicidal-} 14...O-O $2 15.Nce4 Nxe4 16.Nxe6 $1 ) 15.Nce4 {Rubinstein's pattern. He used to open the road for his bishops with similar knight move.} 15...Nxe4 {Inaccurate.} ( {Black could have held the position with tactics.} 15...Na5 $3 {was keeping the pawn on c5 alive and the open diagonal for the light-sqaured bishop is definitely good for him. The brilliant tactical point behind the idea is revealed after:} 16.Nxc5 ( 16.Nxf6+ {fails to convince after} 16...Bxf6 17.Bxf6 Qxf6 {and Black is doing great.} ) ( {Probably best is} 16.a4 b4 17.d3 {with approximate equality.} ) 16...Bxc5 17.Qxc5 Qxd2+ $1 ( {Rather than} 17...Nxb3 18.Bxb5+ $1 axb5 ( {Or} 18...Nd7 19.Qc3 Nxa1 20.Nxf7 $1 {with decisive attack.} ) 19.Qxb5+ Nd7 20.Qxb3 {and White wins.} ) 18.Kxd2 Nxb3+ {and Black has the advantage.} ) ( 15...Rc8 $5 ) 16.Nxe4 g6 17.Nxc5 Bxc5 18.Qxc5 Rxh2 19.a4 $1 {The bishop pair and the weak dark squares determine Wei's big advantage. With the game move he wnats to further open the lines and diagonals for his pieces.} 19...Qh4 ( {Black is deprived of any counterplay in case of} 19...bxa4 20.Rxa4 ) 20.Rf1 Rc8 {So starts shaking the boat.} ( {Apparently So understood that the calm} 20...bxa4 21.Rxa4 Qe7 ( {Not} 21...Qd8 $2 22.Bxa6 ) 22.Qc3 {will leave Black nothing- neither position, nor tactical chances.} ) 21.Qb6 ( 21.axb5 $2 Nb4 ) 21...Nd8 22.axb5 Bg2 {The point behind Black's counterattack. The white king is not perfectly save in the middle.} 23.Ra4 $1 {The queen should be removed from the f2 square.} ( {The kingside rook cannot move:} 23.Rg1 $2 Rh1 {wins for Black.} ) ( 23.bxa6 $2 Bxf1 ) ( 23.Qd4 {is less accurate because of} 23...Qxd4 24.Bxd4 Bxf1 25.Bxf1 axb5 {although White is still somewhat better after} 26.Bxb5+ ) 23...Qh3 24.Ba3 {In the after-game analyzes both players came to the conclusion that this move was a mistake. It indeed allows some extra possibilities to Black.} ( {The neatest solution was:} 24.bxa6 $1 Bxf1 25.Bxf1 Rh1 26.Qb5+ Nc6 27.a7 {the kingside initiative is over and the aftermath is very sad for Black.} ) ( {It seems clever to chase the queen away with} 24.Bg4 {but this runs into} 24...Bxf1 $3 25.Bxh3 Bd3 26.f4 Rc2 {when it is unclear!} ) 24...Rh1 25.bxa6 Qh8 $1 {This is the additional chance that So got from the move 24.Bb2-a3.} ( 25...Bxf1 26.Qb5+ Nc6 27.Bxf1 {as long as there is no mate the white passers should decide the game.} ) 26.Rd4 $2 {Short on time, Wei goes astray.} ( {Both} 26.Qd4 $1 {with the idea to meet} 26...Qh3 {with} ( {Better is} 26...Qxd4 27.exd4 Bxf1 28.Bxf1 {although White should win here as well.} ) 27.Bb5+ Nc6 28.Qd6 $1 Rxf1+ 29.Bxf1 Bxf1 30.Qf8+ Kd7 31.Qxf7+ Kd8 32.Rd4+ Nxd4 33.Qe7# ) ( {And} 26.d4 $1 Bxf1 27.Qb5+ {hsould have stopped the counter-attack and led to White's win.} ) 26...Bxf1 27.Qb5+ $2 {Now White even loses.} ( {Correct was} 27.Bxf1 Nc6 28.a7 ( {Or} 28.Qc5 Rxf1+ 29.Kxf1 Qh1+ 30.Ke2 Qh5+ $1 31.f3 $1 {This is the difference in comparison to the game. After} ( {Weaker is:} 31.Qxh5 $2 Nxd4+ 32.exd4 gxh5 33.b4 Kd7 ( 33...Rb8 ) 34.b5 Rb8 ) 31...Nxd4+ 32.Qxd4 Qb5+ 33.Kf2 Qxa6 34.Qb4 {the weak black king deprives him of winning chances.} ) 28...Nxd4 29.exd4 {when Black has a forced draw with} 29...Rxf1+ 30.Kxf1 Qh1+ 31.Ke2 Qe4+ {but nothing more.} ) 27...Nc6 28.Bxf1 Rxf1+ $1 29.Kxf1 ( {Maybe White should have tried:} 29.Qxf1 Nxd4 30.exd4 Qxd4 31.Qb5+ {with the queens on the board, there are practical chances.} ) 29...Qh1+ 30.Ke2 Qh5+ {Black trades every single heavy piece and wins the endgame.} 31.Qxh5 Nxd4+ 32.exd4 gxh5 33.b4 Rb8 34.Kf3 Kd7 35.Kg3 Kc6 36.b5+ ( {Or} 36.a7 Rg8+ $1 ( 36...Ra8 37.b5+ Kxb5 38.Bc5 ) 37.Kh4 Kb5 {and Black should win.} ) 36...Rxb5 37.Bc5 Rb2 38.a7 Kb7 39.d5 exd5 40.Be3 Rb4 41.d4 Rb1 0-1

[Event "Tata Steel Masters"]
[Site "?"]
[Date "2018.01.27"]
[Round "12.2"]
[White "Giri, Anish"]
[Black "Adhiban, Baskaran"]
[Result "1-0"]
[WhiteElo "2752"]
[BlackElo "2655"]
[EventDate "2018.??.??"]
[Annotator "Bojkov,Dejan"]
[PlyCount "83"]
[Beauty "7561021493768"]
[EventType "team-tourn"]

1.c4 g6 2.d4 Bg7 3.Nf3 c5 4.d5 d6 5.e4 e6 6.Bd3 ( 6.Nc3 exd5 7.cxd5 a6 8.h3 b5 9.Bd3 Nd7 10.O-O Ngf6 11.a3 O-O 12.Bf4 Qb6 13.Qd2 Re8 {Matlakov, M (2714)-Zvjaginsev,V (2661) Sochi 2017} ) 6...exd5 7.cxd5 {Giri managed to confuse yours truly with the statement that his opponent played very badly in the beginning, and some moves later stating that he was afraid he did not get any advantage from the opening.} 7...Bg4 8.Nbd2 ( 8.Qa4+ {is the other way to play it. It worked spectacularly well in the following game} 8...Nd7 9.Nfd2 a6 10.h3 b5 11.Qc2 c4 12.Bf1 Bh5 13.g4 {and White won a piece in the blitz game Zhao,X (2565)-Danielian,E (2476) Beijing 2012} ) 8...Nf6 9.O-O O-O 10.h3 Bxf3 11.Nxf3 c4 {"I realized I am suddenly not better. I was afraid I will not pose him any problems." (Giri)} 12.Bxc4 Nxe4 13.Re1 Re8 14.Qc2 {Albeit symmetrical, the position is far from equal. Abhiban did not develop his queenside yet and White enjoys more space.} 14...Nf6 15.Rxe8+ Nxe8 16.Bg5 $146 ( {White was also a bit better in the predecessor after} 16.Qb3 Qc7 17.Be3 Nd7 18.Rc1 Nc5 19.Qa3 Qd8 20.b4 {Khismatullin,D (2601) -Andreikin,D (2625) Voronezh 2009} ) 16...Nf6 ( {Giri believed it was stronger to play} 16...Bf6 {when he intended} 17.h4 Nd7 ( {However, he was afraid of the simple move} 17...a6 {which stops the Bc4-b5 idea. "My [light-squared] bishop is not very good; I need to trade it." (Giri)} ) 18.Bb5 {trading a bunch of pieces but keeping a strong pawn on g5.} ) 17.Nd4 {Now there are problems for Black, as he cannot develop normally.} 17...Qb6 ( 17...Nbd7 {is well met with} 18.Ne6 $1 {(Giri). Although there is a little spoiler after} 18...fxe6 19.dxe6 d5 $1 {Still, White keeps pressure after the forcing} 20.Bxd5 Nf8 21.Bxb7 Rb8 {with three pawns for the piece and strong bishop pair.} ) 18.Be3 {Creating concrete threats and forcing matters. The white army is better prepared for the tactical skirmish.} 18...Ng4 ( 18...Nbd7 19.Ne6 {is not playable for Black.} ) 19.Qe4 $1 {Powerful centralization. Suddenly, the black king is in danger.} ( {Instead} 19.hxg4 Bxd4 20.Bxd4 Qxd4 {trades too many of the good white pieces and should be equal.} ) 19...Nf6 ( {On} 19...Nxe3 {White planned} 20.Qe8+ Bf8 21.fxe3 Qc7 22.Ne6 $1 fxe6 23.dxe6 Qe7 24.Qc8 {"when Black is completely paralyzed and helpless." (Giri)} ) 20.Qe7 Nbd7 {Adhiban finished the development, but at the expense of a pawn.} 21.Nb5 Bf8 22.Bxb6 Bxe7 23.Bxa7 Ne5 ( {White was more worried about} 23...b6 {eventually excluding the bishop from the game. In that case the most convincing seems to be} 24.Rc1 ( 24.b3 Bd8 ) ( 24.b4 Bd8 25.Bb3 ) 24...Bd8 25.Be2 {followed by Rc1-c6.} ) 24.b3 ( 24.Bb3 {was not bad neither.} ) 24...Nxc4 25.bxc4 {"I think I am winning." (Giri) He said it and proved it. First consolidation.} 25...Rc8 26.Re1 Bf8 27.Bd4 Nd7 28.Rc1 Ra8 29.Rc2 Ra6 {Now it made sense to bring the king to b4 for example and push the white pawn to a4, but White found another idea.} 30.Re2 Ra4 31.Re8 $1 {Returns the pawn for a moment, but paralyzes the black pieces. This idea is similar to the one that Giri had on move 19.} 31...Rxc4 32.Rd8 Ne5 ( 32...Rb4 33.a4 $1 ) 33.f4 Nd3 ( {Nothing is changed after} 33...Rc1+ 34.Kh2 Nc4 35.Rc8 ) 34.Bf6 Re4 35.Nxd6 Re1+ 36.Kh2 {Now White has both the extra pawn and the more active pieces.} 36...Nf2 37.Bg5 h5 ( {Or} 37...Kg7 38.Ne8+ Kg8 39.Nf6+ Kg7 40.d6 h6 41.Bh4 {winning.} ) 38.Bh6 h4 {That is serious...} 39.g4 Kh7 40.Rxf8 Nd3 41.Rxf7+ Kh8 42.Rf8+ 1-0

[Event "Tradewise Masters"]
[Site "Gibraltar"]
[Date "2018.01.26"]
[Round "4.4"]
[White "Vachier Lagrave, Maxime"]
[Black "Batsiashvili, Nino"]
[Result "1-0"]
[WhiteElo "2793"]
[BlackElo "2504"]
[EventDate "2018.??.??"]
[Annotator "Bojkov,Dejan"]
[PlyCount "55"]
[Beauty "8247410954253"]
[EventType "team-tourn"]
[EventCountry "GGB"]

1.e4 e5 2.Nf3 Nc6 3.Bb5 a6 4.Ba4 d6 {Nino Batsiashvili is one of the top players in the world who regularly upsets high-rated male opponents. Perhaps her opening choice was inspired by the game Grischuk-Mamedyarov?} 5.c3 Bd7 6.d4 g6 7.Bg5 {Forcing a concession.} 7...f6 {Self-blocks the dark-squared bishop.} ( {The other choice is} 7...Be7 {but then the bishop will no longer be fianchettoed,} 8.Be3 Nf6 9.Bc2 exd4 10.cxd4 Nb4 11.Nc3 Nxc2+ 12.Qxc2 {as in Vallejo Pons,F (2717)-Suarez Gomez,J (2474) Linares 2017} ) 8.Be3 Nh6 9.Bb3 {Vachier-Lagrave is not afraid of any black piece landing on g4.} ( {White did not get much after:} 9.h3 Nf7 10.dxe5 Ncxe5 11.Bb3 Nxf3+ 12.Qxf3 Bg7 13.Nd2 a5 14.a4 Qe7 15.O-O O-O {in Ter Sahakyan,S (2577) -Short,N (2688) Abu Dhabi 2017} ) 9...Bg7 ( {Black's initiative quickly fizzles out after} 9...Ng4 10.Bd2 Na5 11.Bc2 Nc4 12.Bc1 {soon both the knight will ingloriously return home with the support of the other pieces.} ) 10.a4 Qe7 11.O-O Nd8 $146 {Batsiashvili uncorkes a novelty.} ( {The great Ukranian Malanuik used the same maneuver only after:} 11...Nf7 12.Nbd2 O-O 13.Bd5 Kh8 14.b4 {And now} 14...Ncd8 15.Re1 Rb8 16.Bb3 Ne6 17.Nc4 f5 {gradually equalizing, Habu,Y (2404) -Malaniuk,V (2545) Krakow 2013} ) 12.c4 $1 {Just like in game Habu-Malanuik from above, White intends to make use of the d5 square. The difference however is that he has a better piece for it- the knight.} 12...Ng4 ( {After} 12...Ne6 13.Nc3 c6 {White most likely planned:} 14.c5 $1 ( {Rather than} 14.d5 Nc5 15.Bc2 a5 ) 14...dxc5 15.Bxe6 Bxe6 16.d5 cxd5 17.exd5 Bf5 18.d6 Qe6 19.Bxc5 {with initiative thanks to the uncastled black king.} ) 13.Bc1 exd4 {Just like Short from above, Black wants to make good use of the e5 square.} ( {Not as good was} 13...Ne6 {when both} 14.h3 ( {Or even better} 14.Nc3 exd4 15.Nd5 ) 14...Nh6 15.Nc3 {lead to White's advantage.} ) 14.Nxd4 Nc6 {Only this is inaccurate.} ( {Batsiashvili could (should) have swung the queen to the kingside at once with} 14...Qe5 $5 15.Nf3 Qh5 {With good play for Black. For example:} 16.h3 ( {Similar is} 16.Nc3 Ne5 $1 ) ( {Here} 16.c5 dxc5 {is not that effective.} ) 16...Ne5 $1 {and as long as the queens are traded Black should be comfortable-} 17.Nxe5 Qxd1 ) 15.Nc3 Qe5 {A move too late...} ( {In case of} 15...Nxd4 {there are a couple of strong spoilers for White-} 16.Nd5 $1 Qe5 ( {Or} 16...Qd8 17.Qxd4 ) 17.Bf4 {with clear advantage for White.} ) 16.Nf3 Qh5 17.c5 $3 {The French GM nicely exploits the extra move to open the position.} ( {The attempt to harass the black queen at once with} 17.Ne2 $2 {fails to} 17...Nce5 ) 17...Qxc5 ( {After} 17...dxc5 18.Nd5 $1 O-O-O 19.Nf4 {embarrasses the queen-} 19...Qh6 20.Ne6 ) 18.Nd5 {The point behind White's play. There is no kingside initiative for Black and her queen is in fact a concern.} ( {Also good was} 18.h3 Nge5 19.Nd5 Nxf3+ 20.Qxf3 Nd4 21.Qd1 Nxb3 22.Qxb3 {as Black cannot castle-} 22...O-O-O $2 23.Be3 ) 18...Ne7 ( {Or} 18...O-O-O 19.h3 Nge5 20.Be3 Qa5 21.Nxe5 dxe5 22.Rc1 {with the unstoppable threat of 23. Be3-d2!} ) 19.h3 Nxd5 ( {The retreat is impossible again due to the vulnerable queen-} 19...Ne5 20.Be3 Qa5 21.Bd2 Nxf3+ 22.gxf3 Qc5 23.Bb4 {and once that c7 drops everything falls apart.} ) 20.Bxd5 c6 21.b4 $1 {Another energetic blow. Vachier-Lagrave was definitely not a gentleman today!} 21...Qb6 {Instinctively Batsiashvili wants to keep her queen closer to the king.} ( {Instead} 21...Qxb4 {opens the b-file in White's favour} 22.Ba2 Ne5 23.Rb1 Qc3 24.Nxe5 Qxe5 25.Rxb7 {when Black is hopeless.} ) ( {Perhaps the most resilient was} 21...Qc3 {although here too White has the strong} 22.Ra3 Qxb4 23.Ba2 ) 22.Bb3 Ne5 23.Nxe5 {Once that the d-file is opened it is all over.} 23...fxe5 ( {White's attack is pretty after} 23...dxe5 24.Bf7+ $1 Ke7 ( {Or} 24...Kxf7 25.Qxd7+ Kg8 26.Be3 Qxb4 27.Rab1 ) 25.Be3 Qc7 26.Qb3 b6 27.a5 $1 {and Be3-c5 will follow soon.} ) 24.Qxd6 {With so many open files and diagonals White quickly finished the sufferings of teh black king.} 24...Qd4 25.Qc7 $1 Rf8 ( {If} 25...Qxa1 26.Rd1 Rd8 27.Bg5 Qxd1+ 28.Bxd1 Rc8 29.Qd6 {leads to mate.} ) 26.Bg5 Bf6 ( {Or} 26...Rc8 27.Qxb7 ) 27.Bxf6 Rxf6 28.Rad1 ( 28.Rad1 Rc8 29.Qxb7 ) 1-0